| 000 | 03592nam a2200217Ia 4500 | ||
|---|---|---|---|
| 003 | Ost | ||
| 005 | 20260507075109.0 | ||
| 008 | 260507s9999||||xx |||||||||||||| ||und|| | ||
| 040 | _cfsecg | ||
| 041 | _aara | ||
| 082 | _a330 | ||
| 100 |
_aغالي، جورج دانيال _eمؤلف |
||
| 245 | 0 |
_aتطوير مهنة المراجعة لمواجهة المشكلات المعاصرة وتحديات الألفية الثالثة / _c جورج دانيال غالي |
|
| 260 |
_aالقاهرة: _bالدار الجامعية, _c2001 |
||
| 300 |
_a528 صفحة؛ _c24 سم |
||
| 520 | _aفي هذا الكتاب : الفصل الأول : تضييق فجوة التوقعات في المراجعة : دراسة إنتقادية : أهمية الدراسة : هدف الدراسة : مفهوم ومكونات فجوة التوقعات في المراجعة : إسعراض الدراسات السابقة في الدول المتقدمة : توقعات مستخدمي القوائم المالية : إطار مقترح لتضييق فجوة التوقعات في المراجعة : توصيات الدراسة-الفصل الثاني : دور لجنة المراجعة في تحسين جودة التقارير المالية : دراسة ميدانية : أهمية الدراسة : فروض الدراسة : تطور لجنة المراجعة : إستعراض الدراسات السابقة في الدول المتقدمة : أنشطة لجنة المراجعة التي يمكن أن تساهم في تحسين جودة التقارير المالية للمنشأت : تقرير لجنة المراجعة : الدراسة الميدانية : توصيات الدراسة-الفصل الثالث : دراسة إنتقادية لمسئولية المراجع بخصوص التقرير عن عدم التأكد من قدرة المنشآت على الاستمرار في النشاط : أهمية الدراسة : هدف الدراسة : فروض الدراسة : فرض الإستمرار ومخاطر فشل المنشأت : دراسة إنتقادية لمعايير المراجعة المتعلقة بالإستمرار : دراسة العلاقة بين تحفظات المراجعين المتعلقة بالإستمرار وفشل المنشأت في استراليا : إطار مقترح للإجراءات التي يمكن تطبيقها للعرف على قدرة المنشأت على الإستمرار في النشاط : دراسة الظروف الإقتصادية العامة-الفصل الرابع : العوامل المؤثرة على ممارسة المراجع للتقدير المهني : دراسة تحليلية : المبحث الأول : التقدير المهني في المراجعة : المبحث الثاني : تأثير صفات المراجع على ممارسته للتقدير المهني : الإستقلال والموضوعية والنزاهة : المبحث الثالث : تأثير بيئة المراجع على ممارسته للتقدير المهني : المبحث الرابع : ممارسة المراجع للتقدير المهني عند تفسير وتطبيق معايير المراجعة الدولية-الفصل الخامس : إعداد التقارير عن فعالية نظم الرقابة الداخلية-الفصل السادس : أثر التأثيرات البيئية لأنشطة الوحدات الإقتصادية على ممارسة مهنة المراجعة. | ||
| 653 | _aالمراجعة المالية | ||
| 653 | _aتدقيق الحسابات | ||
| 653 | _aمراجعة | ||
| 942 | _cكتاب | ||
| 999 |
_c42861 _d42861 |
||